Otto Wagner 1841-1918: precursor de la arquitectura moderna

Saved in:
Bibliographic Details
Main Author: Sarnitz, August (Author)
Format: Book
Language:Spanish
Published: Colonia Taschen 2005
Subjects:
Tags: Add Tag
No Tags, Be the first to tag this record!

MARC

LEADER 00000nam a2200000 a 4500
001 UCG7137
003 CL-VaPUC
008 110617e20050000GW |||||||||||||||||spa|d
020 |a 3822828785 
082 0 4 |a 720  |b SAR  |2 21 
100 0 |a Sarnitz, August  |e author  |9 557703 
245 1 0 |a Otto Wagner 1841-1918: precursor de la arquitectura moderna 
300 |a 96 p 
942 |c BK 
945 |d 20110617 00:00:00  |a dcastane 
260 |a Colonia  |b Taschen  |c 2005 
600 0 7 |a WAGNER, OTTO  |2 CL-VaPUC  |9 266849 
650 0 |a Arquitectura  |9 804558 
650 0 |a Arquitectura austriaca   |9 523482 
650 0 |a Arquitectos austriacos   |9 428608 
583 |a last modification  |c 20110617 00:00:00  |k Rodrigo Vera 
999 |c 345201  |d 345199 
952 |0 0  |1 0  |4 0  |6 720_000000000000000_SAR_2005  |7 0  |8 C  |9 443679  |a BIBCUR  |b BIBCUR  |d 2019-11-22  |i 4785401  |o 720 SAR 2005  |p 4785401  |r 2025-04-22  |w 2019-11-22  |y BK  |k CAC